Alivio de caminantes
Zapisane w:
| 1. autor: | |
|---|---|
| Format: | Książka |
| Język: | hiszpański |
| Wydane: |
Madrid
Renacimiento
1912
|
| Wydanie: | 2a. ed |
| Seria: | Biblioteca Renacimiento
|
| Hasła przedmiotowe: | |
| Etykiety: |
Dodaj etykietę
Nie ma etykietki, Dołącz pierwszą etykiete!
|
MARC
| LEADER | 00000cam a2200000 a 4500 | ||
|---|---|---|---|
| 001 | UCZ4445 | ||
| 003 | CL-VaPUC | ||
| 008 | 951109e19120000SP |||||||||||||||||spa|d | ||
| 082 | 0 | 4 | |a 861 |b LEO |2 21 |
| 100 | |a León y Román, Ricardo |e author |9 354203 | ||
| 245 | 1 | 0 | |a Alivio de caminantes |
| 250 | |a 2a. ed | ||
| 300 | |a 269 p | ||
| 942 | |c BK | ||
| 945 | |d 19951109 00:00:00 |a rleighto | ||
| 260 | |a Madrid |b Renacimiento |c 1912 | ||
| 650 | 0 | |a Poesías españolas |9 265100 | |
| 583 | |a last modification |c 20151204 10:44:15 |k Rodrigo Vera | ||
| 490 | 0 | |a Biblioteca Renacimiento | |
| 999 | |c 240823 |d 240821 | ||
| 952 | |0 0 |1 0 |4 0 |6 861_000000000000000_LEO_1912 |7 0 |8 A |9 252866 |a BIBEDU |b BIBEDU |d 2019-11-18 |i 3148254 |o 861 LEO 1912 |p 3148254 |r 2019-11-18 |w 2019-11-18 |y BK |k LIT | ||
| 952 | |0 0 |1 0 |3 erd |4 0 |6 861_000000000000000_LEO_1912 |7 0 |8 P |9 252867 |a BIBTEO |b BIBTES |c TEO_FTES |i 5272149 |o 861 LEO 1912 |p 5272149 |r 2024-01-18 |w 2019-11-18 |y BK |z Catalogado en:20151204 |k ICR | ||